00338nam a2200133Ia 4500003000400000008004100004040001600045082001300061100001600074245004000090260005200130300001000182650001200192GCL140319s9999 xx 000 0 eng d aGCL / cGCL04a612bL S1 aLEACH, JOHN10aSURGICAL PSYCHOLOGY / cLEACH, JOHN a[S.N] : bMCMILLAN PUBLISHING COMPANY ، c1994 a220 P04aANATOMY